[Event "Niedersachsen-chT U12"]
[Site "Lingen"]
[Date "2005.05.06"]
[Round "3.4"]
[White "Jung, Marc Alexander"]
[Black "Siebe, Julius"]
[Result "1/2-1/2"]
[WhiteElo "837"]
[BlackElo "977"]
[PlyCount "111"]
[EventDate "2005.05.05"]
[EventType "team-tourn"]
[EventRounds "5"]
[EventCountry "GER"]
[SourceTitle "EXT 2007"]
[Source "ChessBase"]
[SourceDate "2006.11.23"]
[SourceVersion "1"]
[SourceVersionDate "2006.11.23"]
[SourceQuality "1"]

1. d4 d5 2. c4 Nf6 3. Nc3 Nc6 4. Nf3 Bg4 5. e3 g6 6. h3 Bd7 7. cxd5 Nb4 8. Qb3 e6 9. dxe6 Bxe6 10. Bc4 Bxc4 11. Qxc4 Nc2+ 12. Ke2 Nxa1 13. Ne5 Qe7 14. Nc6 Qe6 15. d5 Qd7 16. Ne5 Qf5 17. Nb5 Bd6 18. Nxc7+ Bxc7 19. Qxc7 Qc2+ 20. Qxc2 Nxc2 21. Rd1 Nb4 22. e4 Nxe4 23. Ke3 Nf6 24. d6 Rd8 25. Nc4 b5 26. Ne5 Nbd5+ 27. Kd4 Rxd6 28. Kc5 Re6 29. Rxd5 Nxd5 30. Kxd5 0-0 31. f4 Rd8+ 32. Ke4 f5+ 33. Kf3 Rd1 34. Be3 Ra1 35. a3 a5 36. Bc5 Ra2 37. Bd4 b4 38. axb4 axb4 39. Ke3 Rd6 40. Bc5 Re6 41. Bxb4 Rxb2 42. Be1 Rxg2 43. Kd4 Rh2 44. h4 Kg7 45. Kd5 Kf6 46. Bc3 Rf2 47. Nd3+ Kf7 48. Nxf2 Re2 49. Nd3 Rh2 50. Be1 Rh3 51. Ne5+ Kf6 52. Nd7+ Ke7 53. Ne5 Re3 54. Bf2 Re2 55. Bg3 Re3 56. Nc6+ 1/2-1/2